000 00659nam a2200205 a 4500
001 000019881
005 20200929170157.0
008 100708s1994 sp r 000 0 spa d
020 _a8420646245
040 _aDO-SdBNP
_bspa
_cBNPHU
082 _axxxx
_bB825b
100 1 _aBraudel, Fernand,
_d1902-1985
_942419
245 1 0 _aBebidas y excitantes /
_cFernand Braudel ; traducción Isabel Pérez-Villanueva.
260 _aMadrid :
_bAlianza Editorial,
_bGrupo Anaya,
_c1994.
300 _a63 p. ;
_c15 cm.
490 1 _aAlianza cien
_v24
500 _aLibro de bolsillo
700 1 _aPérez-Villanueva, Isabel,
_etr.
_942420
830 0 _aAlianza cien
_n24
_942421
999 _c19394
_d19394